| 000 | 00862nam a2200277 a 4500 | ||
|---|---|---|---|
| 001 | 000014391 | ||
| 003 | DO-SdBNP | ||
| 005 | 20171009113408.0 | ||
| 007 | 000014391 | ||
| 008 | 091211s2014 dr c 000 0 spa d | ||
| 020 | _a9789945009842 | ||
| 040 |
_aBPMSU _bspa _cBPMSU |
||
| 082 | 4 |
_aRD868.44 _bS572e |
|
| 100 | 1 | _aSierra, Jimmy | |
| 245 | 1 | 0 |
_aYo estaba allí : _bseptiembre - diciembre / _cJimmy Sierra |
| 260 |
_aSanto Domingo : _bEditora Búho _c2014 |
||
| 300 |
_a178 p. : _bretrs. ; _c23 cm. |
||
| 500 | _aIncluye datos biográficos del autor en la solapa de la cubierta | ||
| 650 | 4 | _aPROSA DOMINICANA | |
| 650 | 4 | _aLITERATURA DOMINICANA | |
| 651 | 4 |
_aREPÚBLICA DOMINICANA _xHISTORIA |
|
| 910 | _aValidado. Control de calidad EMS | ||
| 942 |
_2ddc _cBK |
||
| 945 | _aInventariado / 2017 VM | ||
| 956 |
_aVMATEO _b10 _c20150511 _lBPMSU _h00151 |
||
| 999 |
_c7854 _d7854 |
||